00581nam a2200169Ia 4500003000900000008004100009040001600050080002600066110003300092245013600125260005000261300000900311500001900320650003300339650001800372650002100390IN-BaIIA211028s9999 xx 000 0 eng d cIIA Library a083.7:621.914.31bISI aIndian Standards Institution 0aIndian standard test chart for milling machines with table of variable height with horizontal spindlecIndian Standards Institution aNew DelhibIndian Standards Institutionc1974 a10p. aIS 2200 : 1973 a Milling Machines-Standards a Standards  aNASA Thesaurus